THE NEW ASTRONOMER/ (Record no. 9948)
[ view plain ]
| 000 -LEADER | |
|---|---|
| fixed length control field | 00532nam a22001697a 4500 |
| 003 - CONTROL NUMBER IDENTIFIER | |
| control field | OSt |
| 005 - DATE AND TIME OF LATEST TRANSACTION | |
| control field | 20260209092352.0 |
| 008 - FIXED-LENGTH DATA ELEMENTS--GENERAL INFORMATION | |
| fixed length control field | 260209b |||||||| |||| 00| 0 eng d |
| 020 ## - INTERNATIONAL STANDARD BOOK NUMBER | |
| International Standard Book Number | 0789441756 |
| 040 ## - CATALOGING SOURCE | |
| Transcribing agency | DK PUBLISHING ,INC |
| 050 ## - LIBRARY OF CONGRESS CALL NUMBER | |
| Classification number | QB 64 .S756 1999 |
| Item number | .S756 1999 |
| 245 ## - TITLE STATEMENT | |
| Title | THE NEW ASTRONOMER/ |
| Statement of responsibility, etc. | Stott, Carole |
| 250 ## - EDITION STATEMENT | |
| Edition statement | 1st edition |
| 260 ## - PUBLICATION, DISTRIBUTION, ETC. | |
| Place of publication, distribution, etc. | NewYork: |
| Name of publisher, distributor, etc. | DK PUBLISHING,INC, |
| Date of publication, distribution, etc. | 1999. |
| 300 ## - PHYSICAL DESCRIPTION | |
| Extent | 141 pages, |
| Other physical details | Hardcover, ill.:col, includes bibliographic references and index.; |
| Dimensions | 28.3 cm. |
| 942 ## - ADDED ENTRY ELEMENTS (KOHA) | |
| Source of classification or shelving scheme | Library of Congress Classification |
| Koha item type | Books |
| Edition | 1st ed. |
| Suppress in OPAC | No |
| Withdrawn status | Lost status | Source of classification or shelving scheme | Damaged status | Not for loan | Home library | Current library | Date acquired | Total checkouts | Full call number | Barcode | Date last seen | Copy number | Price effective from | Koha item type |
|---|---|---|---|---|---|---|---|---|---|---|---|---|---|---|
| Library of Congress Classification | PIU Library | Main Library | 02/09/2026 | QB 64 .S756 1999 | PIUDL937 | 02/09/2026 | 1 | 02/09/2026 | Books |